LEADER 00871nam0-2200277 --450 001 9910276659703321 005 20180706121812.0 010 $a978-88-6705-376-6 100 $a20180706d2015----kmuy0itay5050 ba 101 0 $aita 102 $aIT 105 $ay 001yy 200 1 $aDentro gli attimi del possibile$epassanti letterari dall'Ottocento a oggi$fPina Paone$gprefazione di Romano Luperini$gpostfazione di Stefania Sini 210 $aMilano$cLedizioni$d2015 215 $a398 p.$d21 cm 225 1 $a<>ragione critica$v8 610 0 $aNarrativa$aSec. 19.-20. 676 $a809.3034$v23$ZITA 700 1$aPaone,$bPina$0750551 801 0$aIT$bUNINA$gREICAT$2UNIMARC 901 $aBK 912 $a9910276659703321 952 $a809.303 PAO 1$bbibl. 2018$fFLFBC 959 $aFLFBC 996 $aDentro gli attimi del possibile$91509935 997 $aUNINA LEADER 01791nam0 2200409 i 450 001 RAV0665189 005 20251003044329.0 010 $a8883790022 020 $aIT$b2000-12261 100 $a20080605d2000 ||||0itac50 ba 101 | $aita$cita 102 $ait 181 1$6z01$ai $bxxxe 182 1$6z01$an 183 1$6z01$anc$2RDAcarrier 200 1 $aArte di ascoltare e mondi possibili$ecome si esce dalle cornici di cui siamo parte$fMarianella Sclavi 210 $aPescara \etc.!$cLe vespe$d2000 215 $a361 p.$d21 cm 225 | $aSaggi 300 $aNome dell'A. a p. IV di cop.: Marianella Pirzio Biroli Sclavi. 410 0$1001TO00832539$12001 $aSaggi 500 10$aArte di ascoltare e mondi possibili$3UPO0002978$9CFIV113979$9717438 676 $a153.6$9PROCESSI MENTALI CONSCI E INTELLIGENZA. COMUNICAZIONE$v20 676 $a153.68$9$v20 676 $a153.733$9PSICOLOGIA DELLA COSCIENZA. ATTENZIONE$v19 676 $a153.733$9PROCESSI MENTALI CONSCI. PROCESSI DELLA PERCEZIONE. ATTENZIONE$v21 700 1$aSclavi$b, Marianella$3CFIV113979$4070$050466 790 1$aPirzio Biroli Sclavi$b, Marianella$3RAVV082271$zSclavi, Marianella 790 1$aPirzio Biroli$b, Marianella$3SBNV038241$zSclavi, Marianella 801 3$aIT$bIT-000000$c20080605 850 $aIT-BN0095 901 $bNAP 01$cBCA $nComprende monografie e periodici di diritto, testi di ingegneria, di scienze e tecnologia di nuova acquisizione. 912 $aRAV0665189 950 0$aBiblioteca Centralizzata di Ateneo$b1 v.$c1 v.$d 01BCA LETT. 123$e 01 0000139745 VMA 1 v.$fY $h20250609$i20250701 977 $a 01 996 $aArte di ascoltare e mondi possibili$9717438 997 $aUNISANNIO